Biblioteca

La mente de Cristo (Registro nro. 33161)

Detalles MARC
000 -LÍDER
Campo fijo de descripción fija 01228aam a2200325 i 4500
001 - NÚMERO DE CONTROL
Campo de control 768714001
003 - IDENTIFICADOR DEL NÚMERO DE CONTROL
Campo de control CO-MdFUSB
005 - FECHA Y HORA DE LA ULTIMA TRANSACCIÓN
control field 20250603142542.0
007 - CAMPO FIJO DE DESCRIPCIÓN FIJA--INFORMACIÓN GENERAL
Campo fijo de descripción fija ta
008 - ELEMENTOS DE LONGITUD FIJA -- INFORMACIÓN GENERAL
Campo fijo de descripción fija -- Información general 250603t1998 -us |||| |||| 00| 0 spa d
020 ## - NÚMERO INTERNACIONAL NORMALIZADO PARA LIBROS
Número Internacional Normalizado del libro 1-928915-48-5
040 ## - FUENTE DE CATALOGACIÓN
Agencia que realiza la transcripción CO-MdFUSB
041 ## - CÓDIGO DE IDIOMA
Código de idioma para texto/pista de sonido o título separado spa
082 04 - NÚMERO DE CLASIFICACIÓN DECIMAL DEWEY
Número de la edición del Dewey 23
Número de clasificación 248.6
Clave de autor-Numero de item K556c
100 1# - ASIENTO PRINCIPAL--NOMBRE PERSONAL
Nombre personal Kinlaw, Dennis F. (1922-)
Término relacionador autor
245 10 - TÍTULO
Título del Material La mente de Cristo
Mención de responsabilidad, etc. / Dennis F. Kinlaw ; traducido por Rachel L. Coleman , Marcia Leiva
264 #1 - PRODUCCIÓN, PUBLICACIÓN, DISTRIBUCIÓN, MANUFACTURA, Y COPYRIGHT
Nombre del productor, publicador, distribuidor Francis Asbury Press,
Lugar de producción, publicación, distribución, manufactura Nappanee, Indiana :
Fecha de producción, publicación, distribución, manufactura, o copyright [1998]
264 #4 - PRODUCCIÓN, PUBLICACIÓN, DISTRIBUCIÓN, MANUFACTURA, Y COPYRIGHT
Fecha de producción, publicación, distribución, manufactura, o copyright ©1998
300 ## - DESCRIPCIÓN FÍSICA
Extensión 141 páginas
336 ## - TIPO DE CONTENIDO
Término de tipo de contenido texto
Código de tipo de contenido txt
Fuente rdacontent
337 ## - TIPO DE MEDIO
Fuente rdamedia
Nombre del tipo de medio sin mediación
Código del tipo de medio n
338 ## - TIPO DE SOPORTE
Fuente rdacarrier
Nombre del tipo de soporte volumen
Código Tipo de soporte nc
505 ## - NOTA DE CONTENIDO
Nota de contenido con formato preestablecido El tema olvidado -- ¿Hacer lo justo o ser justo? -- Entendiendo quién es Cristo -- Entendiendo quiénes somos nosotros -- La mente carnal versus la mente de Cristo -- Desde el terreno medio hasta las alturas -- "No busquéis vuestro propio provecho" -- ¿Por qué necesitamos tener la mente de Cristo?
563 ## - NOTA DE ENCUADERNACIÓN
Nota de encuadernación Rústico
650 #0 - ASIENTO SECUNDARIO DE MATERIA - TERMINO TEMÁTICO
Término temático o nombre geográfico como elemento de entrada Vida cristiana
9 (RLIN) 19
700 ## - ASIENTO SECUNDARIO - NOMBRE PERSONAL
Nombre personal Coleman, Rachel L.,
9 (RLIN) 11639
Responsabilidad traductor
700 ## - ASIENTO SECUNDARIO - NOMBRE PERSONAL
Nombre personal Leiva, Marcia,
9 (RLIN) 11640
Responsabilidad traductor
942 ## - TIPO DE MATERIAL (KOHA)
Tipo de Item KOHA Libros General
945 ## - INFORMACIÓN LOCAL DEL REGISTRO
Catalogador JTF-925
Existencias
Estado de Material Estado de Perdido Forma de Clasificación Estado de Dañado No para Préstamo Colección Tomo Biblioteca de Origen Biblioteca Permanente Fecha de Adquisición Total de Préstamos Signatura Topográfica Código de Barras Última vez visto Ejemplar/Existencia Fecha de Remplazo Tipo de Material Total de Renovaciones Última vez Préstado
    Dewey Decimal Classification     Colección General   Biblioteca FUSBC Biblioteca FUSBC 19/09/2011   G 248.6 K556c 17224 12/12/2019 Ej. 1 26/01/2016 Libros General    
    Dewey Decimal Classification     Colección General   Biblioteca FUSBC Biblioteca FUSBC 01/02/2012 2 G 248.6 K556c 17545 12/12/2019 Ej. 3 26/01/2016 Libros General 1 12/11/2016
    Dewey Decimal Classification     Colección General   Biblioteca FUSBC Biblioteca FUSBC 19/09/2011   G 248.6 K556c 17225 12/12/2019 Ej. 2 26/01/2016 Libros General    

Biblioteca FUSBC | Teléfono: (57+4) 349 88 10 Ext. 141| WhatsApp (+57) 3005338115 
E-mail: biblioteca@unisbc.edu.co | Calle 76 87-14 Robledo Palenque, Medellín, Colombia

Con tecnología Koha